[Event "Philadelphia int op 10th"]
[Site "Philadelphia"]
[Date "2016.07.10"]
[Round "9"]
[White "Nieto, Guillermo Luigui"]
[Black "Wang, Tianqi"]
[Result "0-1"]
[WhiteElo "1894"]
[BlackElo "2189"]
[PlyCount "152"]
[EventDate "2016.07.05"]
[EventType "swiss"]
[EventRounds "9"]
[EventCountry "USA"]
[SourceTitle "CBM 173 Extra"]
[Source "ChessBase"]
[SourceDate "2016.08.29"]
[SourceVersion "1"]
[SourceVersionDate "2016.08.29"]
[SourceQuality "1"]

1. e4 c6 2. d4 d5 3. exd5 cxd5 4. Bd3 Nc6 5. c3 Nf6 6. Bf4 g6 7. Nf3 Bg7 8. Nbd2 0-0 9. 0-0 a6 10. Qe2 Bg4 11. h3 Bxf3 12. Nxf3 e6 13. Ne5 Qc8 14. Rae1 Nd7 15. Nxd7 Qxd7 16. Bh2 Rfe8 17. f4 Rac8 18. g4 f5 19. Kh1 Na5 20. Rg1 Nc4 21. Bxc4 Rxc4 22. Rg3 Rcc8 23. Re3 Kf7 24. gxf5 exf5 25. Rxe8 Rxe8 26. Qxe8+ Qxe8 27. Rxe8 Kxe8 28. Kg2 Bh6 29. Kf3 Kf7 30. Bg3 g5 31. fxg5 Bxg5 32. b3 b5 33. Bf4 Kg6 34. Bd6 Kh5 35. Bb4 Kh4 36. Kg2 f4 37. c4 bxc4 38. bxc4 dxc4 39. d5 Bf6 40. d6 c3 41. d7 c2 42. Bd2 f3+ 43. Kxf3 Kxh3 44. Bh6 Bd8 45. Ke2 Kg4 46. Kd2 Kf5 47. Kxc2 Ke6 48. Kd3 Kxd7 49. Kc4 Kc6 50. Kb4 Kd5 51. a4 Bb6 52. Kc3 Ke4 53. Kd2 Bc7 54. Ke2 Bf4 55. Bf8 h5 56. Be7 Bg3 57. Kf1 Kf3 58. Kg1 h4 59. Kh1 h3 60. Bf6 Ke2 61. Bg5 Kd3 62. Bf6 Kc4 63. Be7 Kb3 64. Bf6 Kxa4 65. Bd8 Kb5 66. Kg1 Kc6 67. Ba5 Bc7 68. Bd2 Kb5 69. Kh1 Bd6 70. Bc3 Bb4 71. Bb2 a5 72. Kh2 Kc4 73. Kxh3 Kb3 74. Bc1 Kc2 75. Bf4 a4 76. Be5 a3 0-1

[Event "World op 44th"]
[Site "Philadelphia"]
[Date "2016.07.03"]
[Round "6"]
[White "Sinha, Sahil"]
[Black "Nieto, Guillermo Luigui"]
[Result "1/2-1/2"]
[WhiteElo "2155"]
[BlackElo "2088"]
[PlyCount "87"]
[EventDate "2016.06.30"]
[EventType "swiss"]
[EventRounds "9"]
[EventCountry "USA"]
[SourceTitle "CBM 173 Extra"]
[Source "ChessBase"]
[SourceDate "2016.08.29"]
[SourceVersion "1"]
[SourceVersionDate "2016.08.29"]
[SourceQuality "1"]

1. d4 Nf6 2. c4 e6 3. Nf3 Bb4+ 4. Bd2 Qe7 5. g3 Nc6 6. Bg2 Bxd2+ 7. Nbxd2 0-0 8. 0-0 d6 9. e4 e5 10. d5 Nb8 11. Ne1 a5 12. Nd3 Bg4 13. f3 Bd7 14. Qc2 Na6 15. Rac1 b6 16. b3 Nc5 17. a3 Nxd3 18. Qxd3 Ra7 19. Qc3 Rfa8 20. Ra1 h6 21. Rfc1 Nh7 22. b4 axb4 23. axb4 f5 24. Rxa7 Rxa7 25. Ra1 Rxa1+ 26. Qxa1 fxe4 27. Nxe4 Nf6 28. Qa8+ Kf7 29. Nxf6 gxf6 30. Kf2 Bf5 31. Ke3 Bg6 32. Qc8 f5 33. Bh3 f4+ 34. Kf2 Kg7 35. Be6 Bf7 36. Bxf7 fxg3+ 37. hxg3 Qxf7 38. Ke3 Qe7 39. Ke4 Qf7 40. Ke3 Qe7 41. Kd3 Qf7 42. Kc2 h5 43. Qd8 Kg6 44. Kd2 1/2-1/2

[Event "COL pre olympic sf"]
[Site "Bogota"]
[Date "2016.05.26"]
[Round "2"]
[White "Nieto, Guillermo Luigui"]
[Black "Escobar Medina, Andres F"]
[Result "0-1"]
[WhiteElo "2143"]
[BlackElo "2267"]
[PlyCount "96"]
[EventDate "2016.05.25"]
[EventType "swiss"]
[EventRounds "9"]
[EventCountry "COL"]
[SourceTitle "CBM 172 Extra"]
[Source "ChessBase"]
[SourceDate "2016.06.21"]
[SourceVersion "1"]
[SourceVersionDate "2016.06.21"]
[SourceQuality "1"]

1. e4 c5 2. Nf3 d6 3. d4 cxd4 4. Nxd4 Nf6 5. Nc3 a6 6. Bg5 e6 7. f4 Nc6 8. Nxc6 bxc6 9. e5 h6 10. Bh4 g5 11. fxg5 Nd5 12. Ne4 Qb6 13. Bd3 hxg5 14. Bxg5 Qxb2 15. Nf6+ Nxf6 16. Bxf6 Qc3+ 17. Ke2 Rg8 18. g3 Be7 19. Qd2 Qc5 20. Qe3 Qxe3+ 21. Kxe3 Bxf6 22. exf6 e5 23. Rab1 d5 24. Rb6 Kd7 25. Rhb1 Kc7 26. c4 Rh8 27. h4 Rh6 28. cxd5 cxd5 29. a4 Be6 30. a5 Rxf6 31. Bxa6 Rg6 32. Kf2 e4 33. Rb7+ Kd6 34. R1b6+ Ke5 35. Rb8 Rf6+ 36. Ke1 Rxb8 37. Rxb8 Rf3 38. Be2 Rxg3 39. a6 Ra3 40. h5 Kf6 41. Rb6 Kg5 42. Kf2 d4 43. Rb5+ Kf6 44. h6 Rxa6 45. Rh5 Ra8 46. Rh4 Bf5 47. Bg4 Kg5 48. Kg3 Ra3+ 0-1

[Event "Bogota Samana Santa op 4th"]
[Site "Bogota"]
[Date "2016.05.07"]
[Round "3"]
[White "Nieto, Guillermo Luigui"]
[Black "Barrios, Felipe"]
[Result "1-0"]
[WhiteElo "2143"]
[BlackElo "1981"]
[PlyCount "21"]
[EventDate "2016.05.06"]
[EventType "swiss"]
[EventRounds "7"]
[EventCountry "COL"]
[SourceTitle "EXT 2017"]
[Source "ChessBase"]
[SourceDate "2016.10.25"]
[SourceVersion "1"]
[SourceVersionDate "2016.10.25"]
[SourceQuality "1"]

1. e4 e6 2. d4 d5 3. Nc3 Bb4 4. e5 c5 5. a3 Ba5 6. b4 cxb4 7. Nb5 bxa3+ 8. c3 Nc6 9. Nd6+ Kf8 10. Qf3 f5 11. Bxa3 1-0

[Event "Bogota Samana Santa op 4th"]
[Site "Bogota"]
[Date "2016.05.06"]
[Round "1"]
[White "Nieto, Guillermo Luigui"]
[Black "Nieto, Manuel Valerio Wald"]
[Result "1/2-1/2"]
[WhiteElo "2143"]
[BlackElo "2057"]
[PlyCount "44"]
[EventDate "2016.05.06"]
[EventType "swiss"]
[EventRounds "7"]
[EventCountry "COL"]
[SourceTitle "EXT 2017"]
[Source "ChessBase"]
[SourceDate "2016.10.25"]
[SourceVersion "1"]
[SourceVersionDate "2016.10.25"]
[SourceQuality "1"]

1. e4 e5 2. Nf3 Nc6 3. Nc3 Nf6 4. Bc4 Bb4 5. 0-0 0-0 6. d3 d6 7. Nd5 Nxd5 8. Bxd5 Be6 9. Bd2 Bxd2 10. Qxd2 Bxd5 11. exd5 Ne7 12. c4 Qd7 13. Rfe1 Rae8 14. d4 exd4 15. Nxd4 Nf5 16. h3 h6 17. Nxf5 Qxf5 18. b3 b6 19. Qc3 a5 20. a4 Re5 21. Rxe5 Qxe5 22. Qxe5 dxe5 1/2-1/2

[Event "COL pre olympic sf1"]
[Site "Medellin"]
[Date "2016.03.23"]
[Round "2"]
[White "Munoz Galvez, Jhon Edison"]
[Black "Nieto, Guillermo Luigui"]
[Result "1/2-1/2"]
[WhiteElo "2331"]
[BlackElo "2172"]
[PlyCount "83"]
[EventDate "2016.03.22"]
[EventType "swiss"]
[EventRounds "9"]
[EventCountry "COL"]
[SourceTitle "CBM 171 Extra"]
[Source "ChessBase"]
[SourceDate "2016.04.26"]
[SourceVersion "1"]
[SourceVersionDate "2016.04.26"]
[SourceQuality "1"]

1. c4 c5 2. Nc3 g6 3. g3 Bg7 4. Bg2 Nc6 5. a3 e5 6. b4 d6 7. Rb1 Nge7 8. d3 0-0 9. e3 f5 10. Nge2 Rb8 11. 0-0 Be6 12. b5 Na5 13. Bd2 b6 14. Qa4 e4 15. Nf4 Bf7 16. Ncd5 g5 17. Nxe7+ Qxe7 18. Nd5 Bxd5 19. cxd5 exd3 20. Bxa5 bxa5 21. Qc4 f4 22. exf4 gxf4 23. Qxd3 fxg3 24. hxg3 Bd4 25. Bh3 Qf6 26. Be6+ Kg7 27. Kg2 Bxf2 28. Qe2 Qg6 29. Rb3 Bd4 30. Rbf3 Rf6 31. Bf5 Qf7 32. Be6 Qg6 33. Rxf6 Bxf6 34. Rf4 Rf8 35. Bf5 Qf7 36. Rg4+ Kh8 37. Be6 Qe7 38. a4 Bd4 39. Qd2 Qf6 40. Rf4 Qg7 41. Rg4 Qf6 42. Rf4 1/2-1/2

[Event "Bogota Distrital qual"]
[Site "Bogota"]
[Date "2016.03.20"]
[Round "4"]
[White "Nieto, Guillermo Luigui"]
[Black "Castaneda, Victor"]
[Result "1-0"]
[WhiteElo "2172"]
[BlackElo "1839"]
[PlyCount "91"]
[EventDate "2016.03.18"]
[EventType "swiss"]
[EventRounds "6"]
[EventCountry "COL"]
[SourceTitle "CBM 171 Extra"]
[Source "ChessBase"]
[SourceDate "2016.04.26"]
[SourceVersion "1"]
[SourceVersionDate "2016.04.26"]
[SourceQuality "1"]

1. e4 e6 2. d4 d5 3. Nc3 Nf6 4. Bg5 Be7 5. e5 Nfd7 6. Bxe7 Qxe7 7. f4 a6 8. Nf3 c5 9. dxc5 Qxc5 10. Qd2 Nc6 11. Bd3 h6 12. a3 b5 13. Qf2 Qxf2+ 14. Kxf2 0-0 15. Rae1 Nc5 16. Ne2 f6 17. exf6 Rxf6 18. Kg3 Bd7 19. b4 Nxd3 20. cxd3 a5 21. Ned4 Nxd4 22. Nxd4 axb4 23. axb4 Ra3 24. Re3 Ra2 25. Re2 Ra3 26. Rd1 Ra4 27. Rb1 Kf7 28. Rc2 Ke7 29. Rbb2 Kd6 30. Nf3 Ra3 31. d4 Be8 32. Ra2 Ra4 33. Ne5 g5 34. fxg5 hxg5 35. Rxa4 bxa4 36. Rc8 Bb5 37. Rc5 Be2 38. Rc6+ Ke7 39. Rc7+ Kd8 40. Ra7 Kc8 41. Rxa4 Rf4 42. Ra2 Re4 43. Rd2 Kc7 44. h3 Kb6 45. Nd7+ Kb5 46. Nc5 1-0

[Event "Bogota Distrital qual"]
[Site "Bogota"]
[Date "2016.03.19"]
[Round "3"]
[White "Garcia, Engels Vladimir"]
[Black "Nieto, Guillermo Luigui"]
[Result "0-1"]
[WhiteElo "1908"]
[BlackElo "2172"]
[PlyCount "126"]
[EventDate "2016.03.18"]
[EventType "swiss"]
[EventRounds "6"]
[EventCountry "COL"]
[SourceTitle "CBM 171 Extra"]
[Source "ChessBase"]
[SourceDate "2016.04.26"]
[SourceVersion "1"]
[SourceVersionDate "2016.04.26"]
[SourceQuality "1"]

1. e4 c5 2. Nf3 Nc6 3. d4 cxd4 4. Nxd4 g6 5. c4 Nf6 6. Nc3 d6 7. Be2 Nxd4 8. Qxd4 Bg7 9. Be3 0-0 10. Qd2 Be6 11. 0-0 Qa5 12. Rac1 Rfc8 13. b3 a6 14. f3 b5 15. Nd5 Qxd2 16. Bxd2 Nxd5 17. cxd5 Bd4+ 18. Kh1 Bd7 19. Rxc8+ Rxc8 20. Rc1 Rxc1+ 21. Bxc1 f5 22. g4 Kf7 23. Kg2 Kf6 24. h3 Ke5 25. Bd3 fxe4 26. fxe4 Bc5 27. Bb2+ Kf4 28. Bc1+ Be3 29. Bb2 e6 30. dxe6 Bxe6 31. Bg7 d5 32. exd5 Bxd5+ 33. Kh2 Kf3 34. Be5 Bf4+ 35. Bxf4 Kxf4 36. a4 bxa4 37. bxa4 a5 38. Bb5 g5 39. Bd7 Ke3 40. Kg3 Kd4 41. h4 h6 42. hxg5 hxg5 43. Kf2 Bb3 44. Ke2 Kc3 45. Ke3 Bc2 46. Bc6 Kb4 47. Kd2 Bxa4 48. Bf3 Bb3 49. Kc1 a4 50. Kb1 Kc3 51. Be4 a3 52. Bf5 Kd4 53. Bd7 Ke3 54. Bc6 Be6 55. Bb7 Kf4 56. Bg2 Kxg4 57. Bf1 Kf4 58. Bg2 g4 59. Bc6 g3 60. Bg2 Ke3 61. Bc6 Kf2 62. Be4 Bg4 63. Ka2 Bf3 0-1

[Event "Manizales Castro Memorial"]
[Site "Manizales"]
[Date "2015.12.20"]
[Round "6"]
[White "Nieto, Guillermo Luigui"]
[Black "Torres, Jorge Emilio"]
[Result "1/2-1/2"]
[WhiteElo "2040"]
[BlackElo "2035"]
[PlyCount "96"]
[EventDate "2015.12.17"]
[EventType "swiss"]
[EventRounds "7"]
[EventCountry "COL"]
[SourceTitle "CBM 170 Extra"]
[Source "ChessBase"]
[SourceDate "2016.02.25"]
[SourceVersion "1"]
[SourceVersionDate "2016.02.25"]
[SourceQuality "1"]

1. e4 e5 2. Nf3 Nf6 3. Nxe5 d6 4. Nf3 Nxe4 5. Nc3 Nxc3 6. dxc3 Be7 7. Be3 Nc6 8. Qd2 Bg4 9. Be2 0-0 10. 0-0-0 Qd7 11. h3 Bxf3 12. Bxf3 Ne5 13. Be2 Qa4 14. Kb1 Bf6 15. f4 Nc4 16. Bxc4 Qxc4 17. g4 Bh4 18. Qg2 Rfe8 19. Rd3 Re4 20. g5 Qc6 21. Rg1 Rae8 22. Qf3 f5 23. gxf6 Bxf6 24. Qg3 Qd7 25. Bc1 Qf5 26. Qg4 Qxg4 27. hxg4 Re1 28. Rxe1 Rxe1 29. Re3 Rxe3 30. Bxe3 a6 31. Kc1 g6 32. g5 Be7 33. Kd2 Kf7 34. c4 Ke6 35. Ke2 d5 36. cxd5+ Kxd5 37. Kf3 b5 38. c3 c5 39. Bd2 a5 40. Ke3 a4 41. b3 c4 42. bxa4 bxa4 43. Kf3 Bf8 44. Be3 Bg7 45. Bd2 h6 46. gxh6 Bxh6 47. Be3 Bg7 48. Bd2 Bf6 1/2-1/2

[Event "Medellin Navideno op"]
[Site "Medellin"]
[Date "2015.12.13"]
[Round "6"]
[White "Nieto, Manuel Valerio Wald"]
[Black "Nieto, Guillermo Luigui"]
[Result "1/2-1/2"]
[WhiteElo "2138"]
[BlackElo "2040"]
[PlyCount "60"]
[EventDate "2015.12.10"]
[EventType "swiss"]
[EventRounds "7"]
[EventCountry "COL"]
[SourceTitle "CBM 169 Extra"]
[Source "ChessBase"]
[SourceDate "2015.12.18"]
[SourceVersion "1"]
[SourceVersionDate "2015.12.18"]
[SourceQuality "1"]

1. e4 e5 2. Nf3 Nf6 3. Nc3 Nc6 4. d4 exd4 5. Nxd4 Bc5 6. Be3 Bxd4 7. Bxd4 Nxd4 8. Qxd4 0-0 9. Be2 d6 10. 0-0-0 Qe7 11. h3 a6 12. Bf3 Qe5 13. Qc4 Qe7 14. Rhe1 Be6 15. Qd3 Qd7 16. Nd5 Nxd5 17. exd5 Bf5 18. Be4 Bxe4 19. Rxe4 Rae8 20. Rde1 Rxe4 21. Qxe4 g6 22. Qe7 Qxe7 23. Rxe7 Rc8 24. Kd2 Kf8 25. Re4 Re8 26. Rb4 b6 27. a4 a5 28. g4 f6 29. h4 h5 30. f3 f5 1/2-1/2

[Event "Medellin Navideno op"]
[Site "Medellin"]
[Date "2015.12.11"]
[Round "2"]
[White "Nieto, Guillermo Luigui"]
[Black "Rozo, Claudia Magally"]
[Result "1-0"]
[WhiteElo "2040"]
[BlackElo "1701"]
[PlyCount "121"]
[EventDate "2015.12.10"]
[EventType "swiss"]
[EventRounds "7"]
[EventCountry "COL"]
[SourceTitle "CBM 169 Extra"]
[Source "ChessBase"]
[SourceDate "2015.12.18"]
[SourceVersion "1"]
[SourceVersionDate "2015.12.18"]
[SourceQuality "1"]

1. e4 c5 2. Ne2 d6 3. g3 Nf6 4. Bg2 e6 5. c3 Nbd7 6. d4 Be7 7. 0-0 0-0 8. h3 Rb8 9. f4 b5 10. Be3 Bb7 11. Nd2 Nb6 12. Qb3 a6 13. g4 cxd4 14. cxd4 Nc4 15. Nxc4 bxc4 16. Qc2 Rc8 17. Nc3 d5 18. e5 Ne8 19. f5 Nc7 20. Rf2 Bh4 21. Rf3 f6 22. fxe6 Nxe6 23. Qf5 Qe7 24. Rff1 Nc7 25. Bf2 Bxf2+ 26. Rxf2 fxe5 27. Qxe5 Qxe5 28. dxe5 Rxf2 29. Kxf2 Kf7 30. Na4 Nb5 31. Nb6 Rd8 32. Rd1 Ke6 33. Nxc4 Rc8 34. Ne3 Kxe5 35. Bxd5 Bxd5 36. Rxd5+ Ke4 37. Rf5 Rc7 38. Rf8 Re7 39. Nf5 Rc7 40. Re8+ Kd3 41. Re3+ Kd2 42. a4 Na7 43. Re2+ Kd3 44. Re3+ Kd2 45. b4 Rf7 46. Rf3 Nc6 47. b5 axb5 48. axb5 Ne5 49. Re3 Ng6 50. b6 Rb7 51. Rb3 Kc2 52. Rb5 Nf4 53. Nd6 Rb8 54. b7 Nd3+ 55. Kg3 Kc3 56. Ra5 Nb4 57. Ra8 Nc6 58. Rxb8 Nxb8 59. Kf4 Kd4 60. Nf5+ Kd5 61. Nxg7 1-0

[Event "Bogota University op 9th"]
[Site "Bogota"]
[Date "2015.10.08"]
[Round "2"]
[White "Nieto, Guillermo Luigui"]
[Black "Martinez Romero, Martin"]
[Result "0-1"]
[WhiteElo "2047"]
[BlackElo "2402"]
[PlyCount "52"]
[EventDate "2015.10.08"]
[EventType "swiss"]
[EventRounds "9"]
[EventCountry "COL"]
[SourceTitle "CBM 168 Extra"]
[Source "ChessBase"]
[SourceDate "2015.10.29"]
[SourceVersion "1"]
[SourceVersionDate "2015.10.29"]
[SourceQuality "1"]

1. e4 c5 2. Ne2 Nc6 3. d4 cxd4 4. Nxd4 Nf6 5. Nc3 d6 6. Bg5 Bd7 7. Qd2 Nxd4 8. Qxd4 Qa5 9. f4 Rc8 10. 0-0-0 h6 11. Bxf6 gxf6 12. Bc4 Qc5 13. Qxc5 Rxc5 14. Bb3 e6 15. g4 h5 16. h3 Bh6 17. Rdf1 hxg4 18. hxg4 Bxf4+ 19. Kb1 Rxh1 20. Rxh1 Ke7 21. Rf1 Be5 22. Nd1 Bc6 23. Nf2 Bd4 24. Nd3 Rg5 25. Rf4 Be5 26. Nxe5 fxe5 0-1

[Event "Arlington DC op 3rd"]
[Site "Arlington"]
[Date "2015.06.26"]
[Round "2"]
[White "Nieto, Guillermo Luigui"]
[Black "Vibbert, Sean"]
[Result "1-0"]
[WhiteElo "2001"]
[BlackElo "2360"]
[PlyCount "77"]
[EventDate "2015.06.25"]
[EventType "swiss"]
[EventRounds "9"]
[EventCountry "USA"]
[SourceTitle "CBM 167 Extra"]
[Source "ChessBase"]
[SourceDate "2015.09.14"]
[SourceVersion "1"]
[SourceVersionDate "2015.09.14"]
[SourceQuality "1"]

1. e4 c5 2. Nf3 e6 3. d4 cxd4 4. Nxd4 Nc6 5. Nc3 Qc7 6. Be3 a6 7. Qd2 Nxd4 8. Qxd4 Ne7 9. 0-0-0 Nc6 10. Qb6 Qxb6 11. Bxb6 Be7 12. f4 f6 13. Bc4 Bd8 14. Na4 Rb8 15. Rd2 Na5 16. Be2 Bxb6 17. Nxb6 Ke7 18. Rhd1 Rd8 19. Rd6 g6 20. b4 Nc6 21. c3 e5 22. g3 Nd4 23. cxd4 Kxd6 24. dxe5+ Ke7 25. exf6+ Kxf6 26. Rd6+ Kg7 27. e5 Re8 28. Kd2 Re6 29. Kc3 Kf8 30. Kd4 Ke7 31. Kd5 Ke8 32. Bg4 Re7 33. Rf6 Kd8 34. Kd6 Ke8 35. Bh3 Rg7 36. Bf1 g5 37. Be2 Rg8 38. Kc7 gxf4 39. Bh5+ 1-0

[Event "Arlington DC op 3rd"]
[Site "Arlington"]
[Date "2015.06.25"]
[Round "1"]
[White "Wang, Kevin A"]
[Black "Nieto, Guillermo Luigui"]
[Result "1/2-1/2"]
[WhiteElo "2364"]
[BlackElo "2001"]
[PlyCount "122"]
[EventDate "2015.06.25"]
[EventType "swiss"]
[EventRounds "9"]
[EventCountry "USA"]
[SourceTitle "CBM 167 Extra"]
[Source "ChessBase"]
[SourceDate "2015.09.14"]
[SourceVersion "1"]
[SourceVersionDate "2015.09.14"]
[SourceQuality "1"]

1. d4 Nf6 2. Nf3 e6 3. e3 c5 4. b3 b6 5. Bd3 Bb7 6. 0-0 Be7 7. Bb2 0-0 8. Nbd2 cxd4 9. exd4 d6 10. c4 Nbd7 11. Re1 Rc8 12. Rc1 Qc7 13. Nf1 Rfe8 14. Ng3 Bf8 15. Bb1 Qb8 16. Qd3 e5 17. Ng5 h6 18. dxe5 dxe5 19. Nh7 Bb4 20. Re2 e4 21. Nxf6+ Nxf6 22. Qc2 Qf4 23. a3 Bd6 24. Rce1 b5 25. Bd4 bxc4 26. bxc4 h5 27. Bxf6 gxf6 28. Qb2 Rb8 29. Qd2 Qxd2 30. Rxd2 Bxg3 31. hxg3 f5 32. Ba2 Red8 33. Red1 Rxd2 34. Rxd2 Bc6 35. c5 Kg7 36. Rd6 Rc8 37. Bc4 Be8 38. Rd5 Kf6 39. Kf1 Bc6 40. Rd6+ Ke7 41. Ba6 Rc7 42. Rd1 Bb7 43. Bxb7 Rxb7 44. Rd5 Ke6 45. Rd6+ Ke7 46. Ra6 Rc7 47. Ra5 Ke6 48. Ke2 Kd5 49. c6+ Kd4 50. Rxf5 Rxc6 51. Rxf7 Ra6 52. Rd7+ Ke5 53. Re7+ Kd4 54. f3 exf3+ 55. gxf3 Rxa3 56. Re4+ Kd5 57. Rh4 Ra2+ 58. Kd1 Ra1+ 59. Kc2 Ra3 60. Rxh5+ Ke6 61. Rh6+ Kf7 1/2-1/2

[Event "Bogota Distrital-ch 77th"]
[Site "Bogota"]
[Date "2015.05.03"]
[Round "6"]
[White "Nieto, Guillermo Luigui"]
[Black "Ramirez, Heimy Polgar"]
[Result "1/2-1/2"]
[WhiteElo "1959"]
[BlackElo "2159"]
[PlyCount "23"]
[EventDate "2015.04.30"]
[EventType "swiss"]
[EventRounds "7"]
[EventCountry "COL"]
[SourceTitle "CBM 166 Extra"]
[Source "ChessBase"]
[SourceDate "2015.06.18"]
[SourceVersion "1"]
[SourceVersionDate "2015.06.18"]
[SourceQuality "1"]

1. e4 c5 2. Nf3 g6 3. c3 Bg7 4. d4 cxd4 5. cxd4 d5 6. e5 Bg4 7. Bb5+ Nc6 8. Bxc6+ bxc6 9. Nbd2 Nh6 10. h3 Bxf3 11. Nxf3 0-0 12. 0-0 1/2-1/2

[Event "Bogota Distrital-ch 77th"]
[Site "Bogota"]
[Date "2015.04.30"]
[Round "1"]
[White "Fraile Vela, Maria Isabel"]
[Black "Nieto, Guillermo Luigui"]
[Result "0-1"]
[WhiteElo "1612"]
[BlackElo "1959"]
[PlyCount "62"]
[EventDate "2015.04.30"]
[EventType "swiss"]
[EventRounds "7"]
[EventCountry "COL"]
[SourceTitle "CBM 166 Extra"]
[Source "ChessBase"]
[SourceDate "2015.06.18"]
[SourceVersion "1"]
[SourceVersionDate "2015.06.18"]
[SourceQuality "1"]

1. e4 c5 2. Nf3 Nc6 3. d4 cxd4 4. Nxd4 g6 5. Nc3 Bg7 6. Nf3 Nf6 7. Bd3 0-0 8. 0-0 d6 9. Bd2 a6 10. Qc1 b5 11. Bh6 Bb7 12. Bxg7 Kxg7 13. Nd5 Nxd5 14. exd5 Nb4 15. Qd2 Nxd5 16. Rae1 Nf6 17. Qe2 e5 18. Nd2 Re8 19. c3 Qb6 20. Ne4 Nxe4 21. Bxe4 d5 22. Bc2 Rad8 23. Qf3 d4 24. Be4 Bxe4 25. Qxe4 f5 26. Qc2 d3 27. Qd2 e4 28. Re3 f4 29. Rh3 e3 30. fxe3 fxe3 31. Qc1 e2+ 0-1

[Event "Bogota Triduo op"]
[Site "Bogota"]
[Date "2015.04.01"]
[Round "1"]
[White "Nieto, Guillermo Luigui"]
[Black "Luque A, Silvia Catalina"]
[Result "1-0"]
[WhiteElo "1944"]
[BlackElo "1987"]
[PlyCount "51"]
[EventDate "2015.04.01"]
[EventType "swiss"]
[EventRounds "9"]
[EventCountry "COL"]
[SourceTitle "CBM 165 Extra"]
[Source "ChessBase"]
[SourceDate "2015.04.21"]
[SourceVersion "1"]
[SourceVersionDate "2015.04.21"]
[SourceQuality "1"]

1. e4 g6 2. d4 Bg7 3. Nf3 d6 4. Nc3 Nf6 5. h3 Nc6 6. d5 Nb8 7. Bc4 c6 8. a4 cxd5 9. exd5 Bf5 10. 0-0 0-0 11. Re1 Re8 12. Nd4 Bc8 13. Bg5 Nbd7 14. Qd2 Nb6 15. Bb3 a5 16. Re3 Nfd7 17. Rae1 Ne5 18. Qe2 f6 19. Bf4 g5 20. Bh2 Bd7 21. Bxe5 dxe5 22. Ne6 Qc8 23. Nc7 e6 24. Nxa8 Qxa8 25. dxe6 Bxe6 26. Qb5 1-0

[Event "COL-ch U20"]
[Site "Bogota"]
[Date "2015.03.12"]
[Round "1"]
[White "Obando Guzman, Soren Federico"]
[Black "Nieto, Guillermo Luigui"]
[Result "1/2-1/2"]
[WhiteElo "1779"]
[BlackElo "2028"]
[PlyCount "72"]
[EventDate "2015.03.12"]
[EventType "swiss"]
[EventRounds "7"]
[EventCountry "COL"]
[SourceTitle "CBM 165 Extra"]
[Source "ChessBase"]
[SourceDate "2015.04.21"]
[SourceVersion "1"]
[SourceVersionDate "2015.04.21"]
[SourceQuality "1"]

1. d4 Nf6 2. c4 e6 3. Nf3 Bb4+ 4. Nbd2 b6 5. g3 Bb7 6. Bg2 0-0 7. 0-0 c5 8. a3 Bxd2 9. Qxd2 Nc6 10. Rd1 Na5 11. Qc2 Rc8 12. dxc5 Be4 13. Qa4 Rxc5 14. Nd2 Bxg2 15. Kxg2 Qa8+ 16. f3 Qc6 17. Qxc6 Rxc6 18. b3 d5 19. cxd5 Nxd5 20. Kf2 Nc3 21. Re1 Rd8 22. b4 Nb7 23. Nb3 a5 24. Be3 e5 25. Rac1 a4 26. b5 Rcc8 27. Nd2 f5 28. Nb1 Nd5 29. Bg5 Rxc1 30. Rxc1 Rd7 31. Nc3 Nc5 32. Nxd5 Rxd5 33. Be3 Nd7 34. Rc4 Rxb5 35. Rxa4 Kf7 36. Ra7 Ke6 1/2-1/2

[Event "Bogota Navidad op"]
[Site "Bogota"]
[Date "2014.12.06"]
[Round "5"]
[White "Lotero, Faiber"]
[Black "Nieto, Guillermo Luigui"]
[Result "1/2-1/2"]
[WhiteElo "2165"]
[BlackElo "1994"]
[PlyCount "64"]
[EventDate "2014.12.04"]
[EventType "swiss"]
[EventRounds "9"]
[EventCountry "COL"]
[SourceTitle "CBM 163 Extra"]
[Source "ChessBase"]
[SourceDate "2014.12.23"]
[SourceVersion "1"]
[SourceVersionDate "2014.12.23"]
[SourceQuality "1"]

1. e4 c5 2. b4 cxb4 3. d4 d5 4. e5 Nc6 5. a3 Qb6 6. Nf3 Bg4 7. Be3 e6 8. axb4 Bxb4+ 9. c3 Ba5 10. Bd3 Nge7 11. 0-0 Bf5 12. Be2 Qb2 13. Ra3 Bxb1 14. Rb3 Bc2 15. Rxb2 Bxd1 16. Rxd1 Rb8 17. Rdb1 Bxc3 18. Rxb7 0-0 19. Bg5 f6 20. Rxb8 Rxb8 21. Rxb8+ Nxb8 22. exf6 gxf6 23. Bxf6 Nbc6 24. Bb5 h6 25. Kf1 Kf7 26. Bxe7 Nxe7 27. Ke2 Nf5 28. Kd3 Bb2 29. g4 Nd6 30. Ne5+ Kf6 31. Ba6 Ne4 32. f3 Nc5+ 1/2-1/2

[Event "Bogota Navidad op"]
[Site "Bogota"]
[Date "2014.12.06"]
[Round "6"]
[White "Nieto, Guillermo Luigui"]
[Black "Jaramillo Ochoa, Mateo"]
[Result "1/2-1/2"]
[WhiteElo "1994"]
[BlackElo "2150"]
[PlyCount "64"]
[EventDate "2014.12.04"]
[EventType "swiss"]
[EventRounds "9"]
[EventCountry "COL"]
[SourceTitle "CBM 163 Extra"]
[Source "ChessBase"]
[SourceDate "2014.12.23"]
[SourceVersion "1"]
[SourceVersionDate "2014.12.23"]
[SourceQuality "1"]

1. e4 c5 2. Nf3 Nc6 3. d4 cxd4 4. Nxd4 Nf6 5. Nc3 e5 6. Ndb5 d6 7. Bg5 a6 8. Na3 b5 9. Nd5 Be7 10. Bxf6 Bxf6 11. c4 b4 12. Nc2 a5 13. Be2 0-0 14. 0-0 Bg5 15. Qd3 Be6 16. Nde3 Bxe3 17. Nxe3 Qd7 18. Rad1 Rfd8 19. f4 exf4 20. Rxf4 Ne5 21. Qd4 Qa7 22. Qxa7 Rxa7 23. b3 Kf8 24. Nc2 Ke7 25. Rf2 Rb7 26. Bf3 Ra8 27. Rfd2 Rb6 28. Nd4 Bd7 29. Rc2 Rc8 30. Rdc1 Rc5 31. Be2 Ra6 32. Kf2 Rb6 1/2-1/2

[Event "Mosquera op"]
[Site "Mosquera"]
[Date "2014.10.31"]
[Round "3"]
[White "Nieto, Guillermo Luigui"]
[Black "Hernandez, Cristian Andres"]
[Result "0-1"]
[WhiteElo "1977"]
[BlackElo "2114"]
[PlyCount "50"]
[EventDate "2014.10.30"]
[EventType "swiss"]
[EventRounds "9"]
[EventCountry "COL"]
[SourceTitle "EXT 2015"]
[Source "ChessBase"]
[SourceDate "2014.11.20"]
[SourceVersion "1"]
[SourceVersionDate "2014.11.20"]
[SourceQuality "1"]

1. e4 c5 2. Nf3 d6 3. d4 cxd4 4. Nxd4 Nf6 5. Nc3 a6 6. Bg5 e6 7. f4 h6 8. Bh4 Be7 9. Bg3 0-0 10. Bd3 e5 11. fxe5 dxe5 12. Nf3 Nc6 13. Bxe5 Nxe5 14. Nxe5 Bb4 15. Nf3 Re8 16. 0-0 Qb6+ 17. Kh1 Bxc3 18. bxc3 Nxe4 19. Bxe4 Rxe4 20. Qd5 Qc6 21. Qxc6 bxc6 22. Rad1 Be6 23. a3 c5 24. h3 Ra4 25. Ra1 Rc4 0-1